000 00548nam a2200181Ia 4500
008 151018s9999 xx 000 0 und d
082 _bRBASDV41232
_a891.433
100 _aएस भाटीया
245 _aप्यासा सागर
250 _b1
260 _bराजकुमार एड सन्स
_c2005
300 _a160
600 _aएस भाटीया
630 _aप्यासा सागर
700 _aएस भाटीया
730 _aप्यासा सागर
942 _cBOOK
999 _c1040504
_d1040501